[Event "SK Metelen 1 - Schach Nienberge 2"]
[Site "Verbandsliga 2017/2018"]
[Date "2018.01.20"]
[Round "5.8"]
[White "Gravenkötter, Christian"]
[Black "Kösters, Michael"]
[Result "1-0"]
[WhiteElo "1711"]
[BlackElo "1586"]
[PlyCount "123"]
[EventDate "2018.??.??"]
[SourceTitle "Verband Muensterland"]
[SourceDate "2017.09.16"]
[SourceVersion "1"]
[SourceVersionDate "2017.09.16"]
[SourceQuality "1"]

1. e4 b6 2. d4 Bb7 3. Bd3 e6 4. Nf3 Nf6 5. Qe2 d5 6. e5 Nfd7 7. Ng5 g6 8. f4 c5
9. c3 Nc6 10. Nf3 cxd4 11. cxd4 Nb4 12. Bb5 Rc8 13. Nc3 a6 14. Bxd7+ Qxd7 15.
a3 Nc6 16. Be3 Na5 17. Nd2 Nc4 18. Nxc4 dxc4 19. O-O b5 20. Bf2 Qc6 21. Bh4 Qd7
22. Rad1 Bd5 23. Ne4 Bxe4 24. Qxe4 Qd5 25. Qxd5 exd5 26. Rf3 Bg7 27. f5 Rc6 28.
g4 h5 29. g5 O-O 30. f6 Bh8 31. Be1 Ra8 32. Ba5 Rac8 33. Rc3 Kf8 34. Kf2 Ke8
35. Ke3 Kd7 36. Kf4 Ke6 37. h4 Rb8 38. Rb1 Rcc8 39. Rbc1 Rc6 40. Ke3 Kf5 41.
Rf1+ Ke6 42. Rb1 Kf5 43. b3 Rbc8 44. bxc4 Rxc4 45. Kd3 Rxc3+ 46. Bxc3 Rc4 47.
Rf1+ Ke6 48. Bb4 Rc6 49. Bc5 Kd7 50. Kc3 Rc8 51. Kb4 Rc6 52. Rb1 Ke6 53. a4
bxa4 54. Kxa4 Kf5 55. Rb8 Bxf6 56. exf6 Rc7 57. Re8 Kg4 58. Re7 Rc8 59. Rxf7
Kxh4 60. Rh7 Kxg5 61. f7 Rc7 62. Rxh5+ 1-0

[Event "SV Heiden 1 - SC Rochade Emsdetten 2"]
[Site "Verbandsliga 2017/2018"]
[Date "2018.01.20"]
[Round "5.1"]
[White "Böhlich, Daniel"]
[Black "Berger, Alfred"]
[Result "1/2-1/2"]
[WhiteElo "2003"]
[BlackElo "1951"]
[PlyCount "37"]
[EventDate "2018.??.??"]
[SourceTitle "Verband Muensterland"]
[SourceDate "2017.09.16"]
[SourceVersion "1"]
[SourceVersionDate "2017.09.16"]
[SourceQuality "1"]

1. d4 d6 2. c4 e5 3. Nf3 Nd7 4. Nc3 Ngf6 5. e4 Be7 6. Be2 O-O 7. O-O h6 8. h3
Nh7 9. Be3 Ng5 10. Nxg5 Bxg5 11. f4 Bxf4 12. Bxf4 exf4 13. Rxf4 c6 14. Rf1 Nb6
15. Qd2 Qg5 16. Qxg5 hxg5 17. Bd3 f6 18. Rfd1 Be6 19. b3 1/2-1/2

[Event "SV Heiden 1 - SC Rochade Emsdetten 2"]
[Site "Verbandsliga 2017/2018"]
[Date "2018.01.20"]
[Round "5.2"]
[White "Wienen, Hermann"]
[Black "Ortmeier, Leonhard"]
[Result "0-1"]
[WhiteElo "1928"]
[BlackElo "1955"]
[PlyCount "75"]
[EventDate "2018.??.??"]
[SourceTitle "Verband Muensterland"]
[SourceDate "2017.09.16"]
[SourceVersion "1"]
[SourceVersionDate "2017.09.16"]
[SourceQuality "1"]

1. e4 c5 2. Nf3 d6 3. Bc4 Nf6 4. Nc3 e6 5. O-O Be7 6. d4 cxd4 7. Nxd4 a6 8. Bb3
b5 9. a3 O-O 10. Be3 Qc7 11. f3 Nc6 12. Nxc6 Qxc6 13. Ne2 Rd8 14. Qe1 e5 15.
Qc3 Qb7 16. Rad1 Be6 17. Bxe6 fxe6 18. Qb3 d5 19. Kh1 Kh8 20. Ng3 d4 21. Bg5
Qc6 22. Qd3 Rac8 23. Rf2 Qc4 24. h3 Qxd3 25. Rxd3 Ng4 26. fxg4 Bxg5 27. Rf7
Rxc2 28. Nh5 g6 29. Nf6 Bxf6 30. Rxf6 Re2 31. Rxe6 Re3 32. Rd2 Rxe4 33. Re7 d3
34. Rf2 d2 35. Rff7 d1=Q+ 36. Kh2 Qd5 37. Rxh7+ Kg8 38. g5 0-1

[Event "SV Heiden 1 - SC Rochade Emsdetten 2"]
[Site "Verbandsliga 2017/2018"]
[Date "2018.01.20"]
[Round "5.3"]
[White "Delere, Adrian"]
[Black "Ehrlich, Hans-Georg"]
[Result "1/2-1/2"]
[WhiteElo "1765"]
[BlackElo "1788"]
[PlyCount "38"]
[EventDate "2018.??.??"]
[SourceTitle "Verband Muensterland"]
[SourceDate "2017.09.16"]
[SourceVersion "1"]
[SourceVersionDate "2017.09.16"]
[SourceQuality "1"]

1. e4 d5 2. exd5 Qxd5 3. Nc3 Qd8 4. d4 c6 5. Nf3 Bg4 6. Bc4 e6 7. Be3 Nf6 8. h3
Bxf3 9. Qxf3 Be7 10. g4 Nd5 11. Ne4 Nb6 12. Bb3 N8d7 13. g5 a5 14. a4 Nd5 15.
h4 Qc7 16. h5 Rf8 17. g6 h6 18. gxf7+ Rxf7 19. Qg4 Nf8 1/2-1/2

[Event "SV Heiden 1 - SC Rochade Emsdetten 2"]
[Site "Verbandsliga 2017/2018"]
[Date "2018.01.20"]
[Round "5.4"]
[White "Sicking, Norbert"]
[Black "Nöring, Andreas"]
[Result "1/2-1/2"]
[WhiteElo "1809"]
[BlackElo "1847"]
[PlyCount "50"]
[EventDate "2018.??.??"]
[SourceTitle "Verband Muensterland"]
[SourceDate "2017.09.16"]
[SourceVersion "1"]
[SourceVersionDate "2017.09.16"]
[SourceQuality "1"]

1. d4 d5 2. Nf3 Nf6 3. g3 c6 4. Bg2 Bf5 5. Nbd2 h6 6. O-O Nbd7 7. Re1 e6 8. Nb3
Bd6 9. Nfd2 O-O 10. e4 dxe4 11. Nxe4 Nxe4 12. Bxe4 Qf6 13. c3 Qg6 14. Bxf5 Qxf5
15. Qe2 Nf6 16. Nd2 Rad8 17. Ne4 Qxe4 18. Qxe4 Nxe4 19. Rxe4 Bc7 20. Bf4 Bxf4
21. Rxf4 Rd5 22. Re1 Rfd8 23. Rfe4 c5 24. dxc5 Rxc5 25. Kf1 Rd2 1/2-1/2

[Event "SV Heiden 1 - SC Rochade Emsdetten 2"]
[Site "Verbandsliga 2017/2018"]
[Date "2018.01.20"]
[Round "5.5"]
[White "Hedwig, Johannes"]
[Black "Herdering, Martin"]
[Result "1/2-1/2"]
[WhiteElo "1787"]
[BlackElo "1799"]
[PlyCount "23"]
[EventDate "2018.??.??"]
[SourceTitle "Verband Muensterland"]
[SourceDate "2017.09.16"]
[SourceVersion "1"]
[SourceVersionDate "2017.09.16"]
[SourceQuality "1"]

1. e4 e5 2. Nf3 Nf6 3. Nc3 Nc6 4. d4 exd4 5. Nxd4 Bb4 6. Nxc6 Bxc3+ 7. bxc3
dxc6 8. Qxd8+ Kxd8 9. Bg5 h6 10. Bxf6+ gxf6 11. O-O-O+ Ke7 12. Bd3 1/2-1/2

[Event "SV Heiden 1 - SC Rochade Emsdetten 2"]
[Site "Verbandsliga 2017/2018"]
[Date "2018.01.20"]
[Round "5.6"]
[White "Niewerth, Gerd"]
[Black "Hemmers, Dieter"]
[Result "1/2-1/2"]
[WhiteElo "1784"]
[BlackElo "1816"]
[PlyCount "39"]
[EventDate "2018.??.??"]
[SourceTitle "Verband Muensterland"]
[SourceDate "2017.09.16"]
[SourceVersion "1"]
[SourceVersionDate "2017.09.16"]
[SourceQuality "1"]

1. e4 c5 2. Nf3 Nc6 3. d4 cxd4 4. Nxd4 g6 5. Nc3 Bg7 6. Be3 Nf6 7. Be2 O-O 8.
Qd2 d5 9. exd5 Nb4 10. O-O-O Nfxd5 11. Nxd5 Nxd5 12. Bh6 Qb6 13. Bxg7 Kxg7 14.
g4 Nf6 15. g5 Ng4 16. Qc3 f6 17. Qg3 Ne5 18. f4 Nc6 19. Nb3 Bf5 20. Bd3 1/2-1/2

[Event "SV Heiden 1 - SC Rochade Emsdetten 2"]
[Site "Verbandsliga 2017/2018"]
[Date "2018.01.20"]
[Round "5.7"]
[White "Wissing, Philipp"]
[Black "Winzenhörlein, Thomas"]
[Result "1/2-1/2"]
[WhiteElo "1781"]
[BlackElo "1738"]
[PlyCount "66"]
[EventDate "2018.??.??"]
[SourceTitle "Verband Muensterland"]
[SourceDate "2017.09.16"]
[SourceVersion "1"]
[SourceVersionDate "2017.09.16"]
[SourceQuality "1"]

1. e4 d5 2. exd5 Nf6 3. d4 Nxd5 4. c4 Nb4 5. a3 N4c6 6. Be3 e5 7. d5 Ne7 8. Nc3
Nf5 9. Qd2 Nd7 10. Nf3 Nxe3 11. fxe3 Bd6 12. Ne4 O-O 13. Bd3 f5 14. Nxd6 cxd6
15. Bc2 a5 16. O-O a4 17. Qb4 Nc5 18. Rae1 Qe7 19. Re2 Bd7 20. Ne1 e4 21. g3
Rf6 22. Ng2 Raf8 23. Ref2 g5 24. Qc3 Qg7 25. g4 Nd3 26. Bxd3 exd3 27. e4 f4 28.
Qxd3 Bxg4 29. Qc3 Bd7 30. e5 dxe5 31. Qxe5 Re8 32. Qd4 Rf5 33. Qxg7+ Kxg7
1/2-1/2

[Event "SV Heiden 1 - SC Rochade Emsdetten 2"]
[Site "Verbandsliga 2017/2018"]
[Date "2018.01.20"]
[Round "5.8"]
[White "Kloster, Elisabeth"]
[Black "Teschler, Ansgar"]
[Result "0-1"]
[WhiteElo "1769"]
[BlackElo "1716"]
[PlyCount "52"]
[EventDate "2018.??.??"]
[SourceTitle "Verband Muensterland"]
[SourceDate "2017.09.16"]
[SourceVersion "1"]
[SourceVersionDate "2017.09.16"]
[SourceQuality "1"]

1. e4 c5 2. Nf3 Nc6 3. c3 Nf6 4. e5 Nd5 5. d4 cxd4 6. cxd4 e6 7. Bc4 d6 8. O-O
Be7 9. Bxd5 exd5 10. Nc3 dxe5 11. dxe5 Be6 12. Re1 O-O 13. Be3 Qd7 14. Ne2 f6
15. exf6 Bxf6 16. Nfd4 Bf7 17. Rc1 Ne5 18. Nf4 Nc4 19. b3 Nxe3 20. fxe3 Rae8
21. Qd3 Re4 22. Nb5 a6 23. Nc3 Bxc3 24. Qxc3 Rfe8 25. Qd2 d4 26. Kf2 dxe3+ 0-1

[Event "SK Münster 4 - SK Dülmen 1"]
[Site "Verbandsliga 2017/2018"]
[Date "2018.01.20"]
[Round "5.1"]
[White "Eiersbrock, Robin"]
[Black "Schulz, Stefan"]
[Result "1-0"]
[WhiteElo "1988"]
[BlackElo "1885"]
[PlyCount "49"]
[EventDate "2018.??.??"]
[SourceTitle "Verband Muensterland"]
[SourceDate "2017.09.16"]
[SourceVersion "1"]
[SourceVersionDate "2017.09.16"]
[SourceQuality "1"]

1. d4 Nf6 2. c4 g6 3. Nc3 d5 4. cxd5 Nxd5 5. e4 Nxc3 6. bxc3 Bg7 7. Bc4 O-O 8.
Ne2 c5 9. O-O Nc6 10. Be3 Na5 11. Bb3 cxd4 12. cxd4 Nxb3 13. Qxb3 b6 14. Rfd1
e6 15. Rac1 Ba6 16. Nf4 Rc8 17. d5 exd5 18. Nxd5 Rxc1 19. Bxc1 Qh4 20. Ba3 Be5
21. g3 Qxe4 22. Bxf8 Bc4 23. Qb4 Qf3 24. Ne7+ Kxf8 25. Nf5+ 1-0

[Event "SK Münster 4 - SK Dülmen 1"]
[Site "Verbandsliga 2017/2018"]
[Date "2018.01.20"]
[Round "5.2"]
[White "Jansen, Dirk"]
[Black "Schlütermann, Philipp"]
[Result "1-0"]
[WhiteElo "1955"]
[BlackElo "1830"]
[PlyCount "57"]
[EventDate "2018.??.??"]
[SourceTitle "Verband Muensterland"]
[SourceDate "2017.09.16"]
[SourceVersion "1"]
[SourceVersionDate "2017.09.16"]
[SourceQuality "1"]

1. c4 f5 2. g3 Nf6 3. Bg2 e6 4. Nf3 Be7 5. O-O O-O 6. b3 d5 7. Bb2 c6 8. d3 a5
9. a3 Nbd7 10. Nbd2 Rb8 11. Qc2 b5 12. Nd4 Ne5 13. Nxe6 Bxe6 14. Bxe5 Rc8 15.
e4 Ng4 16. Bb2 fxe4 17. dxe4 Rxf2 18. Rxf2 Bc5 19. Raf1 Qb6 20. Nf3 Nxf2 21.
Rxf2 dxe4 22. Ng5 Rf8 23. Nxe4 Bf5 24. Qc3 Bxf2+ 25. Nxf2 Qa7 26. c5 Qe7 27.
Bxc6 Be6 28. Bg2 Bxb3 29. Qxb3+ 1-0

[Event "SK Münster 4 - SK Dülmen 1"]
[Site "Verbandsliga 2017/2018"]
[Date "2018.01.20"]
[Round "5.3"]
[White "Grund, Wolfgang"]
[Black "Schöpper, Oliver"]
[Result "0-1"]
[WhiteElo "1884"]
[BlackElo "1816"]
[PlyCount "56"]
[EventDate "2018.??.??"]
[SourceTitle "Verband Muensterland"]
[SourceDate "2017.09.16"]
[SourceVersion "1"]
[SourceVersionDate "2017.09.16"]
[SourceQuality "1"]

1. e4 Nf6 2. e5 Nd5 3. c4 Nb6 4. d4 d6 5. f4 g6 6. Nf3 dxe5 7. fxe5 c5 8. d5
Bg4 9. h3 Bxf3 10. Qxf3 Bg7 11. Bf4 N8d7 12. Qe3 O-O 13. Nd2 e6 14. dxe6 fxe6
15. O-O-O Rxf4 16. Qxf4 Bxe5 17. Qe4 Na4 18. b3 Nc3 19. Qxb7 Nxa2+ 20. Kc2 Nb4+
21. Kc1 Rb8 22. Qe4 Qa5 23. Nb1 Na2+ 24. Kc2 Nb4+ 25. Kc1 Na2+ 26. Kc2 Nc3 27.
Qd3 Qa2+ 28. Kc1 Bf4+ 0-1

[Event "SK Münster 4 - SK Dülmen 1"]
[Site "Verbandsliga 2017/2018"]
[Date "2018.01.20"]
[Round "5.4"]
[White "Börger, Andreas"]
[Black "Rebber, Christian"]
[Result "0-1"]
[WhiteElo "1774"]
[BlackElo "1861"]
[PlyCount "96"]
[EventDate "2018.??.??"]
[SourceTitle "Verband Muensterland"]
[SourceDate "2017.09.16"]
[SourceVersion "1"]
[SourceVersionDate "2017.09.16"]
[SourceQuality "1"]

1. c4 Nf6 2. Nc3 c5 3. g3 Nc6 4. Bg2 e6 5. e4 d6 6. d3 Be7 7. f4 a6 8. Nge2 Qc7
9. h3 h5 10. Be3 Bd7 11. Qd2 g6 12. O-O Rb8 13. b3 b5 14. Rad1 b4 15. Nb1 O-O
16. d4 cxd4 17. Nxd4 Nxd4 18. Bxd4 Bc6 19. Bxf6 Bxf6 20. Qxd6 Qb7 21. Qd3 Rfd8
22. Qe2 Bd4+ 23. Kh2 a5 24. e5 Qb6 25. Bxc6 Qxc6 26. Qf3 Qc7 27. Nd2 Kg7 28.
Ne4 a4 29. Nd6 Bc5 30. Nb5 Qa5 31. Nd6 axb3 32. axb3 Qb6 33. Ne4 Ra8 34. Rxd8
Rxd8 35. Rd1 Ra8 36. Qe2 Ra3 37. Rb1 Bd4 38. Kh1 Qc6 39. Qd3 Bf2 40. Kg2 Ra2
41. Kf3 Bc5 42. Rf1 Rb2 43. g4 h4 44. g5 Qa8 45. Qd1 Bb6 46. Qd3 Qa2 47. Kg4
Rxb3 48. Qd1 Qg2+ 0-1

[Event "SK Münster 4 - SK Dülmen 1"]
[Site "Verbandsliga 2017/2018"]
[Date "2018.01.20"]
[Round "5.5"]
[White "Lödding, Detlef"]
[Black "Sokolowski, Cyril"]
[Result "1/2-1/2"]
[WhiteElo "1862"]
[BlackElo "1725"]
[PlyCount "59"]
[EventDate "2018.??.??"]
[SourceTitle "Verband Muensterland"]
[SourceDate "2017.09.16"]
[SourceVersion "1"]
[SourceVersionDate "2017.09.16"]
[SourceQuality "1"]

1. c4 Nf6 2. Nc3 g6 3. g3 Bg7 4. Bg2 d6 5. d4 O-O 6. e3 a6 7. Nge2 Qe8 8. O-O
Nc6 9. a3 e5 10. b4 Bg4 11. h3 Bd7 12. Bb2 Rb8 13. Rc1 Nh5 14. Nd5 Qd8 15. c5
f5 16. cxd6 cxd6 17. a4 Ne7 18. Nxe7+ Qxe7 19. Rc7 e4 20. b5 Kh8 21. Qd2 Qd8
22. Rfc1 axb5 23. axb5 Bxb5 24. d5 Bxe2 25. Qxe2 Bxb2 26. Qxb2+ Qf6 27. Qb5 Rf7
28. Rc8+ Rxc8 29. Rxc8+ Kg7 30. Rb8 1/2-1/2

[Event "SK Münster 4 - SK Dülmen 1"]
[Site "Verbandsliga 2017/2018"]
[Date "2018.01.20"]
[Round "5.6"]
[White "Stumpe, Danny"]
[Black "Tecklenborg, Georg"]
[Result "0-1"]
[WhiteElo "1685"]
[BlackElo "1810"]
[PlyCount "72"]
[EventDate "2018.??.??"]
[SourceTitle "Verband Muensterland"]
[SourceDate "2017.09.16"]
[SourceVersion "1"]
[SourceVersionDate "2017.09.16"]
[SourceQuality "1"]

1. e4 c5 2. c3 d5 3. exd5 Qxd5 4. d4 cxd4 5. cxd4 Nc6 6. Nf3 e6 7. Be2 Nf6 8.
O-O Bb4 9. Qa4 O-O 10. Nc3 Bxc3 11. bxc3 Bd7 12. Ba3 Rfc8 13. Qd1 Qa5 14. Bb2
Nd5 15. Qd2 Nce7 16. Ne5 Be8 17. Rfc1 b5 18. Nd3 Nf5 19. Nc5 Qd8 20. Bd3 Nde7
21. Qe2 Bc6 22. Bxb5 Bxb5 23. Qxb5 Nd5 24. Qd3 Nf4 25. Qf3 Qg5 26. Ne4 Qh6 27.
g3 Nh3+ 28. Kg2 Rab8 29. Rab1 Rxb2 30. Rxb2 Qxc1 31. Rb7 Ng5 32. Nxg5 Qxg5 33.
Qe4 h5 34. h4 Qd2 35. Qf3 Qxa2 36. Qxh5 Qd5+ 0-1

[Event "SK Münster 4 - SK Dülmen 1"]
[Site "Verbandsliga 2017/2018"]
[Date "2018.01.20"]
[Round "5.7"]
[White "Liebing, Ingo"]
[Black "Baumann, Eva"]
[Result "0-1"]
[WhiteElo "1772"]
[BlackElo "1665"]
[PlyCount "78"]
[EventDate "2018.??.??"]
[SourceTitle "Verband Muensterland"]
[SourceDate "2017.09.16"]
[SourceVersion "1"]
[SourceVersionDate "2017.09.16"]
[SourceQuality "1"]

1. c4 e5 2. g3 Nc6 3. Bg2 f5 4. Nc3 Bb4 5. Nd5 Bc5 6. e3 Nf6 7. Ne2 Nxd5 8.
cxd5 Ne7 9. O-O d6 10. b4 Bb6 11. a4 a6 12. Bb2 O-O 13. Rc1 Bd7 14. Qb3 Kh8 15.
Nc3 Ng6 16. Qd1 f4 17. Qh5 Rf5 18. Qd1 Rf7 19. Ne4 Bf5 20. Qh5 Rf8 21. g4 Bxe4
22. Bxe4 Qe8 23. a5 Ba7 24. Rxc7 fxe3 25. dxe3 Rb8 26. Bd3 Kg8 27. Bf5 Rf6 28.
Rfc1 Bxe3 29. fxe3 Qa4 30. Be6+ Kh8 31. Rc8+ Rxc8 32. Rxc8+ Rf8 33. Rxf8+ Nxf8
34. g5 Qxb4 35. Qf3 Ng6 36. Bf7 Qxb2 37. Bxg6 Qc1+ 38. Kg2 Qd2+ 39. Kh3 hxg6
0-1

[Event "SK Münster 4 - SK Dülmen 1"]
[Site "Verbandsliga 2017/2018"]
[Date "2018.01.20"]
[Round "5.8"]
[White "Schmitt, Konrad"]
[Black "Kötting, Hans-Erich"]
[Result "0-1"]
[WhiteElo "1678"]
[BlackElo "1850"]
[PlyCount "108"]
[EventDate "2018.??.??"]
[SourceTitle "Verband Muensterland"]
[SourceDate "2017.09.16"]
[SourceVersion "1"]
[SourceVersionDate "2017.09.16"]
[SourceQuality "1"]

1. e4 c5 2. Nf3 d6 3. c3 Nf6 4. e5 dxe5 5. Nxe5 Qc7 6. Nf3 a6 7. d4 e6 8. Bg5
Be7 9. Be2 O-O 10. dxc5 Qxc5 11. O-O b5 12. Nbd2 Bb7 13. Nb3 Qc7 14. Rc1 Rd8
15. Qe1 Bd5 16. c4 bxc4 17. Bxc4 Bxf3 18. gxf3 Qb7 19. Qe2 a5 20. a4 Qb4 21.
Bd2 Qb6 22. Be3 Qb7 23. Nc5 Qb4 24. Bb5 Qh4 25. Rc4 Qh5 26. Rfc1 Nd5 27. Nb7
Nxe3 28. fxe3 Rf8 29. Rc8 Qd5 30. Rxf8+ Bxf8 31. Rc7 Ra7 32. Bc4 Qe5 33. Rc8
Rxb7 34. b3 Nd7 35. Bb5 Nc5 36. f4 Qe4 37. Qd2 Qg6+ 38. Kf1 Qf6 39. Qc2 Qe7 40.
Re8 Qd6 41. Bc4 Rc7 42. Ke2 Nb7 43. Qe4 Rd7 44. Qc2 Rd8 45. Rxd8 Nxd8 46. Bd3
g6 47. Qc8 Nc6 48. Bc4 Ne7 49. Qa8 Qc5 50. Qe4 Nf5 51. Qf3 Bd6 52. Kd2 Qb4+ 53.
Kc2 Bc5 54. Kb2 Qd2+ 0-1